000
00290nam a22001337a 4500
008
170516b xxu||||| |||| 00| 0 eng d
020
_a
9780813348391
041
_a
eng
080
_2
3 ED
_a
94
100
_a
16
101
_a
SHH
245
_a
MIDDLE EAST
_c
TELHAMI.SH
942
_2
udc
_c
BK
999
_c
13462
_d
13462